000 00342nam a2200133Ia 4500
005 20260326235504.0
008 260326s9999||||xx |||||||||||||| ||und||
100 _aHolm, Olaf
245 0 _aArquitectura Precolombina en el litoral /
_cOlaf Holm
260 _bEx Libris
300 _a38 p.
650 _aARQUITECTURA MESOAMÉRICANA
942 _cBK
999 _c8122
_d8122